00562nam a22001697a 450000500170000001000150001702000260003203500130005803700180007108200100008910000370009924500750013626000420021127000670025330000220032050000500034220151117101535.0 aENG-113956 c350.00a9789384721299 aEN-97488 bDBAD/PUBadpl a181.4 aBhattacharyya, Mridula  aFalsity and reality :cby Mridula Bhattacharya ban Advaita approach / aKolkatabMaha Bodhi Book Agencyc2015 a4A, Bankim Chatterjee Street, College Square,bKolkatae700073 av,122p.c22cm(Hb) aIncludes bibliographical references and index